000 00315nam a2200121Ia 4500
005 20251222154404.0
008 251222s9999||||xx |||||||||||||| ||spa||
020 _a84-395-9024-5
082 _a868.7/A78
100 _a"Arteaga y del Alcázar, María de Almudena de"
245 0 _aLa princesa de Éboli
942 _cLIB
999 _c35395
_d35395